|
|
|
|
| LEADER |
01202nam a2200277 a 4500 |
| 001 |
13425073 |
| 008 |
100613s2005 maua 000 0 eng d |
| 010 |
|
|
|a \\2003116168
|
| 020 |
|
|
|a 061845411X (pbk.)
|
| 040 |
|
|
|a DLC
|c DLC
|d BD-DhAAL
|
| 082 |
0 |
4 |
|a 808/.0427
|2 22
|
| 100 |
1 |
|
|a Schwiebert, John E.,
|d 1955-
|
| 245 |
1 |
0 |
|a Reading and writing from literature /
|c John E. Schwiebert .
|
| 250 |
|
|
|a 3rd ed.
|
| 260 |
|
|
|a Boston :
|b Houghton Mifflin Co.,
|c c2005.
|
| 300 |
|
|
|a xxiv, 1220 p., G-15, 6 p. of plates :
|b ill. (some col.) ;
|c 24 cm.
|
| 500 |
|
|
|a Rev. ed of: 2nd. ed, 1997. With col. plates.
|
| 541 |
1 |
|
|e 00020388
|
| 650 |
|
0 |
|a English language
|x Rhetoric
|x Problems, exercises, etc.
|
| 650 |
|
0 |
|a Literature
|x Appreciation
|x Problems, exercises, etc.
|
| 650 |
|
0 |
|a Criticism
|x Authorship
|x Problems, exercises, etc.
|
| 650 |
|
0 |
|a Report writing
|x Problems, exercises, etc.
|
| 650 |
|
0 |
|a College readers.
|
| 852 |
4 |
|
|a Ayesha Abed Library
|j General Shelf
|
| 999 |
|
|
|c 8896
|d 8896
|
| 952 |
|
|
|0 0
|1 0
|2 ddc
|4 0
|6 808_042700000000000_SCH_2005
|7 0
|9 10890
|a BRACUL
|b BRACUL
|c GEN
|d 2010-06-13
|l 1
|o 808.0427 SCH
|p 3010020388
|r 2014-05-14
|s 2013-02-25
|t 1
|w 2010-06-13
|y BK
|x Transferred from ENH to Ayesha Abed library on 20/12/2023
|